| 000 | 00612nam a2200205 i 4500 | ||
|---|---|---|---|
| 001 | 67990 | ||
| 003 | ES-MaACL | ||
| 005 | 20250815112600.0 | ||
| 007 | t| | ||
| 008 | 040217s1961 sp ||||1| spa d | ||
| 100 | 1 |
_aGandarias Bajón, Juan Manuel de ( _d1921-2011) _953829 |
|
| 245 | 1 | 0 |
_aPrácticas de fisiología general y bioquímica / _cJ.M. Gandarias. |
| 250 | _a2ª ed. | ||
| 260 |
_aSalamanca : _b[s.n.], _c1961. |
||
| 300 |
_a158 p. : _bil. ; _c22 cm. |
||
| 650 | 4 |
_aFisiología. _9136120 |
|
| 650 | 0 | 7 |
_aBioquímica _2embne _9136796 |
| 852 |
_aES-MaACL _jC-23489 _bR.50519 |
||
| 999 |
_c67990 _d67990 |
||